000 01546nam a2200409 i 4500
001 114496
003 FlNmELB
005 20241217174514.0
006 m o u
007 cr cn|||||||||
008 190124s2018 mx o 001 0 spa d
020 _a9786075500188 (e-book)
020 _z9786075500140
040 _aFINmELB
_bspa
_erda
_cFINmELB
050 1 4 _aQA184.5
_bs161 2018
080 _a512
082 0 4 _a512.5
_223
100 1 _asalazar Guerrero, Ludwing Javier.
245 1 0 _aÁlgebra /
_cLudwing Javier salazar Guerrero y Hugo Bahena Román.
264 1 _aCiudad de México :
_bGrupo Editorial Patria,
_c2018.
300 _a1 recurso en línea (X, 292 páginas)
336 _atexto
_btxt
_2rdacontent/spa
337 _acomputadora
_bc
_bc
_2rdamedia/spa
338 _arecurso en línea
_bcr
_2rdacarrier/spa
490 1 _aBachiller
500 _aContiene índice.
588 _aDescripción basada en recurso en línea; título de la página del título en PDF (elibro, visto el 24 de enero de 2019).
590 _aRecurso electrónico. santa Fe, Arg.: e-libro, 2019. Disponible vía World Wide Web. El acceso puede estar limitado para las bibliotecas afiliadas a e-libro.
650 4 _aÁlgebra
_vProblemas y ejercicios.
650 0 _aAlgebra
_vProblems, exercises.
655 4 _aLibros electrónicos.
700 1 _aBahena Román, Hugo,
_eautor.
797 2 _ae-libro, Corp.
830 0 _aBachiller.
035 _a(OCoLC)1105457623
856 4 0 _uhttps://elibro.net/ereader/politecnicointernacional/40186
999 _c114496
_d114496